Les pièces de théâtre par leurs répliques - Statistiques

Statistiques générales
  • Ce quiz a été pris 932 fois
  • Le résultat moyen est 8 sur 16
Statistiques - réponses
Réplique Auteur Nom de la pièce % Correct
« Va, je ne te hais point. » Pierre Corneille Le Cid
85%
« Tu marcheras, j’irai dans l’ombre à ton côté / Je serai ton esprit, tu seras ma beauté. » Edmond Rostand Cyrano de Bergerac
84%
« Amour, donne-moi ta force, et cette force me sauvera. » William Shakespeare Roméo et Juliette
84%
« On ne sait jamais pourquoi on meurt. » Jean Anouilh Antigone
71%
« Il en est comme de ces beaux songes qui ne vous laissent au réveil que le déplaisir de les avoir crus. » Molière Le Malade imaginaire
71%
« Qu’est-ce que cela, soixante ans ? C’est la fleur de l’âge et vous entrez maintenant dans la belle saison. » Molière L’Avare
58%
« Ce n’est plus une ardeur dans mes veines cachée : / C’est Vénus tout entière à sa proie attachée. » Jean Racine Phèdre
55%
« Le sujet s’éloigne du verbe... et le complément direct vient se poser quelque part dans le vide. » Samuel Beckett En attendant Godot
49%
« Couvrez ce sein que je ne saurais voir » Molière Le Tartuffe
49%
« Un médecin consciencieux doit mourir avec le malade s’ils ne peuvent pas guérir ensembles. » Eugène Ionesco La Cantatrice chauve
43%
« On est souvent trompé en amour, souvent blessé et souvent malheureux ; mais on aime. » Alfred de Musset On ne badine pas avec l’amour
42%
« Buvons, chers amis, buvons : / Le temps qui fuit nous y convie ; / Profitons de la vie / Autant que nous pouvons. » Molière Le Bourgeois gentilhomme
41%
« Qui veut noyer son chien, l’accuse de la rage. » Molière Les Femmes savantes
34%
« C’est ainsi qu’un amant dont l’ardeur est extrême / Aime jusqu’aux défauts des personnes qu’il aime. » Molière Le Misanthrope
32%
« Il n’y a pas d’art pour découvrir sur le visage les dispositions de l’âme. » William Shakespeare Macbeth
28%
« Cet ennemi barbare, injuste, sanguinaire, / Songez, quoi qu’il ait fait, songez qu’il est mon père. » Jean Racine Iphigénie
19%
Aucun quiz correspondant
Distribution des résultats
% des personnes avec chaque résultat
Percentile par nombre de réponses
Votre historique - résultats
Vous n’avez pas pris ce quiz